Práce s lepidly a tmely

Uložené v:
Podrobná bibliografia
Hlavný autor: Osten, Miloš (Autor)
Médium: Kniha
Jazyk:Czech
Vydavateľské údaje: Praha : SNTL, 1986
Vydanie:3.uprav.vyd.
Tagy: Pridať tag
Žiadne tagy, Buďte prvý, kto otaguje tento záznam!

MARC

LEADER 00000nam a22000003a 4500
001 stu29236
005 20200818101548.1
008 950607s1986----xr------------------cze-d
040 |a STU  |b slo 
041 0 |a cze 
044 |a xr 
080 |a 668.3 
080 |a 666.964 
080 |a 666.96 
100 1 |a Osten, Miloš  |4 aut 
245 1 |a Práce s lepidly a tmely 
250 |a 3.uprav.vyd. 
260 |a Praha :  |b SNTL,  |c 1986 
300 |a 285 s 
996 |b 284V025711  |c V*33452/O-13647  |l VVS  |s A  |a 24  |w stu29236_0001 
996 |b 284V025712  |c V*33453/O-13647a  |l VVS  |s A  |a 24  |w stu29236_0002 
996 |b 284V025861  |c V*36106/O-15045  |l VVS  |s A  |a 24  |w stu29236_0003